| 000 | 00585nam a22001697a 4500 | ||
|---|---|---|---|
| 003 | 0 | ||
| 005 | 20220816134225.0 | ||
| 008 | 220816b xxu||||| |||| 00| 0 eng d | ||
| 020 | _a978-1-119-70919-0 | ||
| 050 |
_aLB1072 _b.B53 2022 |
||
| 245 |
_aEssentials of social emotional learning (SEL) : the complete guide for schools and practitioners _cDonna Lord Black |
||
| 260 |
_aNew Jersey _bJohn wiley & sons, Inc., _cC2022 |
||
| 300 |
_axv,416pp _b _c22cm. _eIncludes references and index. _fBook |
||
| 500 | _aAffective education. | ||
| 500 | _aSocial learning. | ||
| 942 |
_2lcc _cBK |
||
| 999 |
_c364783 _d364783 |
||